Welcome to the Holygrace Academy Library

Please use search bar below to get started

CBSE QUESTION BANK SOLVED PAPERS PHYSICS (Record no. 674)

MARC details
000 -LEADER
fixed length control field 00315nam a22001217a 4500
082 ## - DEWEY DECIMAL CLASSIFICATION NUMBER
Classification number 530
Item number OSW/C
100 ## - MAIN ENTRY--AUTHOR NAME
Personal name OSWAAL BOOKS
245 ## - TITLE STATEMENT
Title CBSE QUESTION BANK SOLVED PAPERS PHYSICS
Remainder of title CLASS XII
260 ## - PUBLICATION, DISTRIBUTION, ETC. (IMPRINT)
Place of publication AGRA
Name of publisher OSWAAL BOOKS
Year of publication 2012
300 ## - PHYSICAL DESCRIPTION
Number of Pages 408
650 ## - SUBJECT ADDED ENTRY--TOPICAL TERM
Topical Term PHYSICS SOLVED PAPERS FOR CLASS XII
Geographic subdivision INDIA
942 ## - ADDED ENTRY ELEMENTS (KOHA)
Koha item type Books
Holdings
Withdrawn status Lost status Collection code Home library Current library Shelving location Date acquired Source of acquisition Cost, normal purchase price Full call number Accession Number Koha item type
    Reference Main Library Main Library SHELF-9 B XII PHYSICS 08/03/2022 purchase 499.00 530 OSW/C 12478 Books
    Reference Main Library Main Library SHELF-9 B XII PHYSICS 27/06/2014 purchase 249.00 530 OSW/C 08866 Books
    Reference Main Library Main Library SHELF-9 B XII PHYSICS 19/09/2015 purchase 249.00 530 OSW/C 01922 Books
    Reference Main Library Main Library SHELF-9 B XII PHYSICS 09/12/2013 purchase 199.00 530 OSW/C 07440 Books